5HLuxD.jpg

KING HENRY VIII SENIOR AND PRIMARY SCHOOL LIBRARY OPAC

You Matter (Record no. 5094)

000 -LEADER
fixed length control field 00299nam a22001217a 4500
008 - FIXED-LENGTH DATA ELEMENTS--GENERAL INFORMATION
fixed length control field 250528b ||||| |||| 00| 0 eng d
020 ## - INTERNATIONAL STANDARD BOOK NUMBER
International Standard Book Number 9781534493766
082 ## - DEWEY DECIMAL CLASSIFICATION NUMBER
Classification number 823.92 ROB
100 ## - MAIN ENTRY--PERSONAL NAME
Personal name Robinson, Christian
Relator term AUTHOR
245 ## - TITLE STATEMENT
Title You Matter
260 ## - PUBLICATION, DISTRIBUTION, ETC.
Name of publisher, distributor, etc. SIMON & SCHUSTER, INC.
Date of publication, distribution, etc. 2020
942 ## - ADDED ENTRY ELEMENTS (KOHA)
Source of classification or shelving scheme
Holdings
Withdrawn status Lost status Source of classification or shelving scheme Damaged status Not for loan Collection code Permanent Location Current Location Shelving location Date acquired Cost, normal purchase price Total Checkouts Barcode Date due Date last seen Date last checked out Cost, replacement price Price effective from Koha item type Public note
          Fiction KH8 Primary School Library KH8 Primary School Library Fiction 2025-05-28 76.55 3 KHPL000007063 2026-04-16 2026-04-08 2026-04-08 86.55 2025-05-28 Books - Fiction KH8 PRIMARY LIBRARY

Powered By KH8 IT Dept